Συνταγματικό δίκαιο : τα όργανα του κράτους
Saved in:
| Main Author: | |
|---|---|
| Format: | Book |
| Language: | Greek |
| Published: |
Αθήνα; Κομοτηνή :
Σάκκουλας Α.,
1981.
|
| Subjects: | |
| Tags: |
Add Tag
No Tags, Be the first to tag this record!
|
MARC
| LEADER | 00000cam a2200000 i 4500 | ||
|---|---|---|---|
| 001 | 1/97574 | ||
| 008 | 991222s1981 gr | ||| |||| | gre d | ||
| 035 | |l 10056188 | ||
| 040 | |a GR-MY-UA |b gre |e aacr | ||
| 041 | 0 | |a gre | |
| 082 | 0 | |a 342 | |
| 100 | 1 | |a Παπαδημητρίου, Γιώργος Αλ., |d 1944-2009. | |
| 245 | 1 | 3 | |a Συνταγματικό δίκαιο : |b τα όργανα του κράτους / |c Γιώργος Παπαδημητρίου. |
| 260 | |a Αθήνα; Κομοτηνή : |b Σάκκουλας Α., |c 1981. | ||
| 300 | |a τ. ; |c 23 εκ. | ||
| 505 | 8 | |a Τεύχος Α' : Το εκλογικό σώμα. | |
| 650 | 0 | 0 | |a Constitutional law. |
| 740 | 3 | |a Το εκλογικό σώμα. | |
| 852 | |a INST |b LESVOS |e 19991222 |h 342 ΠΑΠ |p 005100022290 |q 005100022290 |t BK |y 0 |z τ.1 | ||
| 852 | |a INST |b LESVOS |e 19991222 |h 342 ΠΑΠ |p 005100022290 |q 005100022290 |t BK |v τ.1: |y 0 |z τ.1 | ||
| 853 | |a INST |b LESVOS |h 342 ΠΑΠ | ||
| 901 | |a BIBL1-2000-1 | ||
| 922 | |a 1ΕΛΗ |b 199912 |c ΤΑΚ/ΤΚ |d ΠΑΠΑΣΩΤΗΡΙΟΥ | ||
| 950 | |a 103-1999-11-11 | ||
| 970 | |a ΚΑΜΑΤΣΟΥ |b ΔΕΣΠΟΙΝΑ |z 2000/01/04 | ||